ՀՀ Գիտությունների ազգային ակադեմիայի հիմնարար գիտական գրադարան  =   Fundamental Scientific Library of NAS RA

Գանձեր Հայաստանի ազգային գրադարանի. Հնատիպ գիրք : (Record no. 535357)

MARC details
000 -LEADER
fixed length control field 03845nam a2200409 a 4500
001 - CONTROL NUMBER
control field 2015932
003 - CONTROL NUMBER IDENTIFIER
control field AM-YeHGA
005 - DATE AND TIME OF LATEST TRANSACTION
control field 20251022142243.0
008 - FIXED-LENGTH DATA ELEMENTS--GENERAL INFORMATION
fixed length control field 250422s2024 ai bo||grbc|||000|0|arm|d
020 ## - INTERNATIONAL STANDARD BOOK NUMBER
International Standard Book Number 978-9939-801-32-2
040 ## - CATALOGING SOURCE
Original cataloging agency AM-YeHGA
041 0# - LANGUAGE CODE
Language code of text/sound track or separate title arm
-- eng
245 00 - TITLE STATEMENT
Title Գանձեր Հայաստանի ազգային գրադարանի. Հնատիպ գիրք :
Medium [Պատկերագիրք] ։
Remainder of title (1512-1800) = Treasures of the National library of Armenia. Rare book : (1512-1800) /
Statement of responsibility, etc. Գլխավոր խմբագիր՝ Ա. Չուլյան ; Գիտական խմբագիր՝ Զ. Ծայրագույն վրդ. Բաղումյան ; Կազմողներ՝ Ա. Ադամյան, Ռ. Եգորյան ; Ծանոթագրությունների հեղինակ՝ Հ. Ղազարյան ; Թարգմանիչներ՝ Ջ. Աղաբեկյան, Ի. Մարգարովա ; Ձևավորող՝ Մ. Մաթևոսյան ; Լուսանկարիչներ՝ Ա. Հակոբյան, Մ. Մեսրոպյան.
246 15 - VARYING FORM OF TITLE
Title proper/short title Treasures of the National library of Armenia. Rare book :
Remainder of title (1512-1800)
260 ## - PUBLICATION, DISTRIBUTION, ETC.
Place of publication, distribution, etc. Երևան ։
Name of publisher, distributor, etc. Գիրք հրատարակչություն,
Manufacturer Անտարես տպագրատուն,
Date of publication, distribution, etc. 2024.
300 ## - PHYSICAL DESCRIPTION
Extent 300 էջ ։
Other physical details գուն. լուսանկ., 1 թ. քարտ. ;
Dimensions 33 սմ.
500 ## - GENERAL NOTE
General note Պատկերագրքում ներկայացված են Հայաստանի ազգային գրադարանի հնատիպ գրքի (1512-1800) հավաքածուում պահպանվող տպագիր հուշարձանները ։ Այն պատկերացում է տալիս հայ տպագրության պատմության նշանակության, համաշխարհային գրահրատարակչության պատմության մեջ հայկական գրատպության տեղի ու դերի, եվրոպական առաջանցիկ ու նորարարական արժեքների տարածման գործում հայ գրահրատարակիչների ավանդի մասին։
500 ## - GENERAL NOTE
General note Նվիրվում է Հայաստանի ազգային գրադարանի պետական կարգավիճակ ստանալու 105-ամյակին։
500 ## - GENERAL NOTE
General note Գիրքը հրատարակվել է ՀՀ կրթության, գիտության, մշակույթի և սպորտի նախարարության դրամաշնորհով։
500 ## - GENERAL NOTE
General note Գրքին կից՝ 1 ծալված թերթ քարտեզ՝ Համատարած աշխարհացոյց։
500 ## - GENERAL NOTE
General note Գիրքը՝ ստվարաթղթե տուփիի մեջ, տուփի վրա՝ «Տօմար Գրիգորեան» գրքից 1 թերմովինիլային պատկեր, որը տեսանելի է միայն որոշակի տաքության պայմաններում ։
525 ## - SUPPLEMENT NOTE
Supplement note Հավելված՝ էջ 292-299։
546 ## - LANGUAGE NOTE
Language note Բնագիրը` զուգահեռ՝ հայերեն և անգլերեն։
650 14 - SUBJECT ADDED ENTRY--TOPICAL TERM
Topical term or geographic name entry element Հայ հնատիպ գիրք
Form subdivision Մատենագիտություն
650 14 - SUBJECT ADDED ENTRY--TOPICAL TERM
Topical term or geographic name entry element Հայ հնատիպ գիրք
Form subdivision Կատալոգներ
700 1# - ADDED ENTRY--PERSONAL NAME
Personal name Չուլյան, Աննա Հրայրի,
Dates associated with a name 1978-
Relator term խմբագիր
Relationship edt
700 1# - ADDED ENTRY--PERSONAL NAME
Personal name Բաղումյան, Զաքարիա
Titles and other words associated with a name Ծայրագույն վարդապետ,
Dates associated with a name 1978-
Relator term խմբագիր
Relationship edt
700 1# - ADDED ENTRY--PERSONAL NAME
Personal name Ադամյան, Ալիսա
Relator term կազմող
Relationship com
700 1# - ADDED ENTRY--PERSONAL NAME
Personal name Եգորյան, Ռուզաննա
Relator term կազմող
Relationship com
700 1# - ADDED ENTRY--PERSONAL NAME
Personal name Ղազարյան, Հայկանուշ,
Dates associated with a name 1960-
Relator term ծանոթագրությունների հեղինակ
Relationship cmm
700 1# - ADDED ENTRY--PERSONAL NAME
Personal name Աղաբեկյան, Ջուլիետա
Relator term թարգմանիչ
Relationship trl
700 1# - ADDED ENTRY--PERSONAL NAME
Personal name Մարգարովա, Իդա
Relator term թարգմանիչ
Relationship trl
700 1# - ADDED ENTRY--PERSONAL NAME
Personal name Մաթևոսյան, Մկրտիչ
Relator term ձևավորող
Relationship bkd
700 1# - ADDED ENTRY--PERSONAL NAME
Personal name Հակոբյան, Արտյոմ
Relator term լուսանկարիչ
Relationship pht
700 1# - ADDED ENTRY--PERSONAL NAME
Personal name Մեսրոպյան, Մեսրոպ
Relator term լուսանկարիչ
Relationship pht
942 ## - ADDED ENTRY ELEMENTS (KOHA)
Source of classification or shelving scheme Universal Decimal Classification
Koha item type Գրքեր / Books
Holdings
Withdrawn status Lost status Source of classification or shelving scheme Damaged status Not for loan Collection Home library Current library Date acquired Total checkouts Full call number Barcode Date last seen Price effective from Koha item type Public note
    Universal Decimal Classification     General Fundamental Scientific Library Fundamental Scientific Library 13/06/2025   AIII/9851 FL0693418 13/06/2025 13/06/2025 Գրքեր / Books 30 Days Loan
    Universal Decimal Classification     General Fundamental Scientific Library Fundamental Scientific Library 13/06/2025   AIII/9852 FL0693419 13/06/2025 13/06/2025 Գրքեր / Books 30 Days Loan
    Universal Decimal Classification     General Fundamental Scientific Library Fundamental Scientific Library 16/06/2025   AIII/9847 FL0693280 16/06/2025 16/06/2025 Գրքեր / Books 30 Days Loan
    Universal Decimal Classification     General Fundamental Scientific Library Fundamental Scientific Library 16/06/2025   AIII/9846 FL0693281 16/06/2025 16/06/2025 Գրքեր / Books 30 Days Loan


ՀՀ ԳԱԱ հիմնարար գիտական գրադարան
ՀՀ,Երևան 0019
Մարշալ Բաղրամյան 24/6
հեռախոս:(374-10) 52-47-50
Հետադարձ կապ

All site content, except where otherwise noted, is licensed under a
Creative Commons License